000 00623nam a2200217Ii 4500
001 1701
003 CO-ViMGA
008 241108s9999||||xx |||||||||||||| ||und||
020 _a8484520129
040 _aCO-ViMGA
_bspa
_erda
_cCO-ViMGA
041 0 _aspa
082 0 4 _a355.825115 Q83m
100 1 _aEva Quintana
_946663
245 1 0 _aLas minas antipersonales :
_benemigas de la vida
264 1 _aMadrid, España : Intermón, 2000
300 _avolumen
336 _atext
_btxt
_2rdacontent
337 _aunmediated
_bn
_2rdamedia
338 _avolume
_bnc
_2rdacarrier
940 _aidficha_siabuc: 1667. -- ficha_no_siabuc:1701
999 _c41233
_d41233